Visualizzazione normale
Vista MARC
- Bella Marcella
di Personal Name
Records bibliografici associati: 1
001 - CONTROL NUMBER
- control field: 12802
003 - CONTROL NUMBER IDENTIFIER
- control field: IT-RoPau
005 - DATE AND TIME OF LATEST TRANSACTION
- control field: 20140211150325.0
008 - FIXED-LENGTH DATA ELEMENTS
- fixed length control field: 140211|| aca||aabn | a|a d
040 ## - CATALOGING SOURCE
- Original cataloging agency: IT-RoPau
- Transcribing agency: IT-RoPau
100 ## - HEADING--PERSONAL NAME
- Personal name: Bella Marcella
- Miscellaneous information: Codice interprete SPICS: 11561
- Relator term: Interprete
670 ## - SOURCE DATA FOUND
- Source citation: Work cat.: (IT-RoPau)103696: AA.VV. 794, Ritratto di... Marcella